کبیر رچناولی / (Record no. 106645)

MARC details
000 -LEADER
fixed length control field 00939nam a22002657a 4500
005 - DATE AND TIME OF LATEST TRANSACTION
control field 20170123162315.0
010 ## - LIBRARY OF CONGRESS CONTROL NUMBER
LC control number A-442587
020 ## - INTERNATIONAL STANDARD BOOK NUMBER
Terms of availability 150.00
035 ## - SYSTEM CONTROL NUMBER
System control number A-442587
037 ## - SOURCE OF ACQUISITION
Source of stock number/acquisition Cen Lib/Ret
040 ## - CATALOGING SOURCE
Original cataloging agency DPL
Language of cataloging UR
082 ## - DEWEY DECIMAL CLASSIFICATION NUMBER
Classification number 841
Item number ک ب ی
100 ## - MAIN ENTRY--PERSONAL NAME
Personal name حری اودھ
9 (RLIN) 114002
245 ## - TITLE STATEMENT
Title کبیر رچناولی /
Statement of responsibility, etc حری اودھ ؛ ترجمہ سرسوتی سرن کیف
246 ## - VARYING FORM OF TITLE
Title proper/short title Kabeer rachnavali /
Remainder of title by Hari Audh ; translated by Sarsoti Saran Kaif
260 ## - PUBLICATION, DISTRIBUTION, ETC. (IMPRINT)
Place of publication, distribution, etc نیی دہلی
Name of publisher, distributor, etc ساہتیہ اکادمی
Date of publication, distribution, etc 1990
270 ## - ADDRESS
City نیی دہلی
Address رویندرا بھوں ٣٥، فیروزشاہ مارگ
Postal code 110002
300 ## - PHYSICAL DESCRIPTION
Extent 388p.
Dimensions 21cm(Hb)
650 ## - SUBJECT ADDED ENTRY--TOPICAL TERM
Topical term or geographic name as entry element ہندی ادب
9 (RLIN) 114003
650 ## - SUBJECT ADDED ENTRY--TOPICAL TERM
Topical term or geographic name as entry element ہندی نظم
9 (RLIN) 114004
650 ## - SUBJECT ADDED ENTRY--TOPICAL TERM
Topical term or geographic name as entry element Hindi literature
9 (RLIN) 114005
650 ## - SUBJECT ADDED ENTRY--TOPICAL TERM
Topical term or geographic name as entry element Hindi poetry
9 (RLIN) 114006
700 ## - ADDED ENTRY--PERSONAL NAME
Personal name سرسوتی سرن کیف
9 (RLIN) 73
942 ## - ADDED ENTRY ELEMENTS (KOHA)
Source of classification or shelving scheme Dewey Decimal Classification
Koha item type Urdu Bks
Classification part 841
Call number suffix ک ب ی
Holdings
Withdrawn status Lost status Damaged status Not for loan Home library Current library Date acquired Source of acquisition Cost, normal purchase price Total Checkouts Full call number Barcode Date last seen Copy number Cost, replacement price Price effective from Koha item type
        Central Library Central Library 28/12/2015 Cen Lib/Ret 150.00   841 ک ب ی A-442587 28/12/2015 1 150.00 28/12/2015 Urdu Bks

© Delhi Public Library
Hit Counter
free hit counter